000 00811cam a22002774a 4500
001 12364487
003 OSt
005 20170424190018.0
008 010330m20019999dcua b i001 0 eng
010 _a 2001026146
020 _a0821345249
040 _aDLC
_cDLC
_dDLC
042 _apcc
043 _ad------
050 0 0 _aHG178.33.D44
_bR63 2001
082 0 0 _a332.2
_221
_bROB 2001
100 1 _aRobinson, Marguerite S.
_97639
245 1 4 _aThe Microfinance Revolution
260 _aWashington, D.C;
_bOpen Society Institute
_c2001-2002
300 _av. <1-2 > :
_bill. ;
_c28 cm.
504 _aIncludes bibliographical references and index.
650 0 _aMicrofinance
_97640
650 0 _aFinancial institutions
_97642
906 _a7
_bcbc
_corignew
_d1
_eocip
_f20
_gy-gencatlg
942 _2ddc
_cSLOAN
999 _c3425
_d3425